Normal view MARC view

Entry Topical Term

Number of records used in: 16

001 - CONTROL NUMBER

  • control field: 7002

003 - CONTROL NUMBER IDENTIFIER

  • control field:

005 - DATE AND TIME OF LATEST TRANSACTION

  • control field: 20210601175959.0

008 - FIXED-LENGTH DATA ELEMENTS

  • fixed length control field: 210601|| aca||aabn | a|a d

040 ## - CATALOGING SOURCE

  • Original cataloging agency:
  • Transcribing agency:

150 ## - HEADING--TOPICAL TERM

  • Topical term or geographic name entry element: Political crimes and offenses

670 ## - SOURCE DATA FOUND

  • Source citation: Work cat.: (): India . Parliament . Rajya Sabha 5978, Report of committee appointed to investigate the conduct and activities of Shri Subramanian Swamy, member of the Rajya Sabha/, 1976
                                                                           
web counter

Copyright ©2020 The National Library of India, Govt. of India ↔ Hosted by NVLI, MOC ↔ Technology and Design by National Library of India, Ministry of Culture, Govt. of India